| 000 | 00772nam a22001577a 4500 | ||
|---|---|---|---|
| 008 | 111028t xxu||||| |||| 00| 0 eng d | ||
| 020 | _a9780072918144 0072918144 | ||
| 050 | _aG70.212.P74 | ||
| 100 | _aPrice, Maribeth Hughett | ||
| 245 |
_aMastering Arcgis. / _cPrice, Maribeth Hughett |
||
| 260 |
_aBoston: _bMcgraw-hill _c2004. |
||
| 300 |
_axi, 580p. _bills. _c24cm. |
||
| 500 | _aIncludes index. | ||
| 505 | _aCotents: What is GIS -- Introducing Arcgis -- Working with Arcmap -- Coordinate systems and map projections -- Drawing and symbolizing features -- Working with tables -- Presenting data -- Queries -- Spatial joins -- Map overlay -- Geocoding -- Basic editing techniques -- Working with geodatabases -- Analyzing networks -- Raster analysis. | ||
| 942 |
_2lcc _cBK |
||
| 999 |
_c200 _d7700 |
||